Αθανάσιος Χριστόπουλος άπαντα
Saved in:
| Other Authors: | |
|---|---|
| Format: | Book |
| Language: | Greek |
| Published: |
Αθήνα :
Φίλοι Βυζαντινών Μνημείων Καστοριάς,
1969
|
| Series: | Νεοελληνική βιβλιοθήκη
|
| Subjects: | |
| Tags: |
Add Tag
No Tags, Be the first to tag this record!
|
MARC
| LEADER | 00000cam a2200000 i 4500 | ||
|---|---|---|---|
| 001 | 1/103872 | ||
| 008 | 090407s1969 gre d | ||
| 035 | |l 10104213 | ||
| 040 | |a GR-MY-UA |b gre |e aacr | ||
| 041 | 0 | |a gre | |
| 082 | 0 | |a 889.1 |2 (22) | |
| 245 | 1 | 0 | |a Αθανάσιος Χριστόπουλος άπαντα / |c αναστύλωσε Γ. Βαλέτας |
| 260 | |a Αθήνα : |b Φίλοι Βυζαντινών Μνημείων Καστοριάς, |c 1969 | ||
| 300 | |a 624 σ.; |c 21 εκ. | ||
| 490 | 1 | |a Νεοελληνική βιβλιοθήκη | |
| 600 | 1 | 0 | |a Χριστόπουλος, Αθανάσιος, |d 1772-1847. |
| 650 | 0 | 0 | |a Greek poetry, Modern. |
| 650 | 0 | 0 | |a Poets, Greek |x Biography |x History and criticism. |
| 700 | 1 | |a Βαλέτας, Γιώργος Μ., |d 1907-1989. |4 edt | |
| 830 | 0 | |a Νεοελληνική βιβλιοθήκη | |
| 852 | |a INST |b RHODES |c AKA |e 20090407 |h 889.1 ΑΘΑ |p 005400032066 |q 005400032066 |t BK |y 0 | ||
| 901 | |a BIBL4-2009-1 | ||
| 909 | |a Ρ |b 157093 | ||
| 970 | |a ΚΟΖΑ |b ΜΑΡΙΑ |z 2009/04/07 | ||